Die Finalisten bei der Kopa Trophy - Statistiken

Allgemein
  • Dieses Quiz wurde 61 mal gespielt
  • Das Durchschnittsergebnis liegt bei 6 aus 10
Antwortstatistiken
Verein Nation Spieler % Korrekt
FC Barcelona Spanien Lamine Yamal
98%
Real Madrid Türkei Arda Güler
94%
Manchester United Argentinien Alejandro Garnacho
75%
FC Bayern Frankreich Mathys Tel
69%
FC Barcelona Spanien Pau Cubarsi
56%
Manchester United England Kobbie Mainoo
54%
Paris St. Germain Portugal Joao Neves
50%
Manchester City Brasilien Savinho
48%
Paris St. Germain Frankreich Warren Zaire-Emery
46%
RB Salzburg Elfenbeinküste Karim Konate
23%
Keine übereinstimmenden Quizze gefunden
Verteilung der Resultate
Anzahl Personen mit jedem Resultat
Perzentil nach korrekt beantworteten Fragen
Ihre Resultats-Entwicklung
Sie haben dieses Quiz noch nicht gespielt